000
00284nam a2200121Ia 4500
005
20251222154438.0
008
251222s9999||||xx |||||||||||||| ||spa||
020
_a
84-02-00352
082
_a
838.9/K73
100
_a
"Kolle, Oswalt"
245
0
_a
Tu mujer esa desconocida
942
_c
LIB
999
_c
36692
_d
36692